|
|
|
|
| LEADER |
01615cas a2200241 a 4500 |
| 001 |
AALejournalIMF003426 |
| 008 |
230101c9999 xx r poo 0 0eng d |
| 020 |
|
|
|c 5.00 USD
|
| 020 |
|
|
|z 9781451926880
|
| 022 |
|
|
|a 1018-5941
|
| 040 |
|
|
|a BD-DhAAL
|c BD-DhAAL
|
| 100 |
1 |
|
|a Sarel, Michael.
|
| 245 |
1 |
0 |
|a Demographic Dynamics and the Empirics of Economic Growth /
|c Michael Sarel.
|
| 264 |
|
1 |
|a Washington, D.C. :
|b International Monetary Fund,
|c 1994.
|
| 300 |
|
|
|a 1 online resource (22 pages)
|
| 490 |
1 |
|
|a IMF Working Papers
|
| 500 |
|
|
|a <strong>Off-Campus Access:</strong> No User ID or Password Required
|
| 500 |
|
|
|a <strong>On-Campus Access:</strong> No User ID or Password Required
|
| 506 |
|
|
|a Electronic access restricted to authorized BRAC University faculty, staff and students
|
| 520 |
3 |
|
|a This paper examines the effects of demographic dynamics on the measured rates of economic growth. First, it develops a model of production with labor productivity that varies with age. Second, it uses macroeconomic and demographic data to estimate the relative productivity of different age groups. Third, it constructs a panel database of effective labor supply in order to reflect the changing age-structure of the population. Fourth, it decomposes the historical measured growth rates into effects of demographic dynamics and into 'real' growth rates, net of demographic effects.
|
| 538 |
|
|
|a Mode of access: Internet
|
| 830 |
|
0 |
|a IMF Working Papers; Working Paper ;
|v No. 1994/143
|
| 856 |
4 |
0 |
|z Full text available on IMF
|u http://elibrary.imf.org/view/journals/001/1994/143/001.1994.issue-143-en.xml
|z IMF e-Library
|